[Event "ESP-ch U18"]
[Site "Salobrena"]
[Date "2022.08.02"]
[Round "3"]
[White "Serrano Ruiz, Lope"]
[Black "Ramirez Sanchez, Nicolas"]
[Result "1/2-1/2"]
[WhiteElo "2074"]
[BlackElo "1820"]
[PlyCount "135"]
[EventDate "2022.08.01"]
[EventType "swiss"]
[EventRounds "9"]
[EventCountry "ESP"]
[SourceTitle "EXT 2023"]
[Source "ChessBase"]
[SourceDate "2022.10.05"]
[SourceVersion "1"]
[SourceVersionDate "2022.10.05"]
[SourceQuality "1"]

1. e4 e5 2. Nf3 Nc6 3. Bc4 Nf6 4. d4 exd4 5. 0-0 Nxe4 6. Re1 d5 7. Bxd5 Qxd5 8. Nc3 Qa5 9. Nxe4 Be6 10. Bg5 Bb4 11. Re2 0-0 12. a3 Bc4 13. axb4 Bxe2 14. bxa5 Bxd1 15. Rxd1 h6 16. Bf4 Rac8 17. h4 Rfd8 18. Nc5 Nxa5 19. b4 b6 20. Nd3 Nc4 21. Nfe5 Nxe5 22. Nxe5 c5 23. b5 Re8 24. Ra1 Re7 25. Nc6 Rd7 26. Kf1 Re8 27. Rd1 f6 28. Bb8 c4 29. Bxa7 d3 30. cxd3 Rxd3 31. Rc1 c3 32. g3 Rd5 33. Bxb6 Rxb5 34. Bd4 Rb3 35. Rxc3 Rxc3 36. Bxc3 Kf7 37. Nd4 g5 38. h5 Re5 39. g4 Rc5 40. Bd2 Rc4 41. Be3 Kg7 42. Ke2 Ra4 43. Kd3 Ra3+ 44. Kc4 Ra5 45. Nf5+ Kh7 46. Bd4 Ra8 47. Bxf6 Ra4+ 48. Kd5 Rxg4 49. Be5 Rg2 50. Bg3 Rg1 51. Ne3 Ra1 52. Ke6 Ra6+ 53. Kf5 Ra5+ 54. Be5 Ra7 55. Ng4 Ra2 56. Bd6 Kg7 57. f4 gxf4 58. Be5+ Kh7 59. Bxf4 Ra5+ 60. Be5 Rb5 61. Nf6+ Kg7 62. Ne8+ Kh7 63. Kf6 Rb6+ 64. Kf7 Rb7+ 65. Nc7 Rb5 66. Ne6 Rb7+ 67. Kf6 Rf7+ 68. Kxf7 1/2-1/2

[Event "Merida World Heritage op 1st"]
[Site "Merida"]
[Date "2021.08.05"]
[Round "3"]
[White "Ramirez Sanchez, Nicolas"]
[Black "Olivera Gutierrez, Albert"]
[Result "0-1"]
[WhiteElo "1691"]
[BlackElo "2097"]
[PlyCount "50"]
[EventDate "2021.08.04"]
[EventType "swiss"]
[EventRounds "9"]
[EventCountry "ESP"]
[SourceTitle "EXT 2023"]
[Source "ChessBase"]
[SourceDate "2022.10.05"]
[SourceVersion "1"]
[SourceVersionDate "2022.10.05"]
[SourceQuality "1"]

1. e4 Nf6 2. e5 Nd5 3. d4 d6 4. c4 Nb6 5. exd6 exd6 6. Nf3 g6 7. Nc3 Bg7 8. Be3 0-0 9. Rc1 Bg4 10. Be2 d5 11. c5 Nc8 12. 0-0 Nc6 13. h3 Bxf3 14. Bxf3 Re8 15. Qd2 N8e7 16. Nb5 Nf5 17. g4 Nxe3 18. fxe3 Qg5 19. Qf2 a6 20. Nc3 f5 21. h4 Qe7 22. g5 f4 23. Rcd1 Rad8 24. Rfe1 fxe3 25. Rxe3 Bxd4 0-1

[Event "ESP-ch U16"]
[Site "Salobrena"]
[Date "2021.07.21"]
[Round "4"]
[White "Rodriguez Avila, Alvaro"]
[Black "Ramirez Sanchez, Nicolas"]
[Result "1-0"]
[WhiteElo "1911"]
[BlackElo "1744"]
[PlyCount "43"]
[EventDate "2021.07.19"]
[EventType "swiss"]
[EventRounds "9"]
[EventCountry "ESP"]
[SourceTitle "EXT 2022"]
[Source "ChessBase"]
[SourceDate "2021.10.06"]
[SourceVersion "1"]
[SourceVersionDate "2021.10.06"]
[SourceQuality "1"]

1. e4 e5 2. Nf3 Nc6 3. Bb5 a6 4. Ba4 Nge7 5. c3 g6 6. 0-0 Bg7 7. d4 exd4 8. cxd4 d5 9. exd5 Nxd5 10. Re1+ Be6 11. Bg5 Qd6 12. Nbd2 0-0 13. Nc4 Qb4 14. Bb3 Na5 15. Bd2 Qe7 16. Nxa5 c6 17. Bxd5 cxd5 18. Nb3 Qf6 19. Bg5 Qf5 20. Qd2 Qg4 21. Qf4 Qh5 22. Qh4 1-0

[Event "ESP-ch U16"]
[Site "Salobrena"]
[Date "2020.08.10"]
[Round "1"]
[White "Ramirez Sanchez, Nicolas"]
[Black "Luque Saiz, Andres"]
[Result "1/2-1/2"]
[WhiteElo "1789"]
[BlackElo "2155"]
[PlyCount "118"]
[EventDate "2020.08.10"]
[EventType "swiss"]
[EventRounds "9"]
[EventCountry "ESP"]
[SourceTitle "EXT 2021"]
[Source "ChessBase"]
[SourceDate "2020.10.23"]
[SourceVersion "1"]
[SourceVersionDate "2020.10.23"]
[SourceQuality "1"]

1. e4 c6 2. Nf3 d5 3. Nc3 Bg4 4. h3 Bxf3 5. Qxf3 e6 6. exd5 cxd5 7. d4 Nc6 8. Bb5 Bd6 9. 0-0 Nge7 10. Be3 0-0 11. a3 Nf5 12. Bxc6 bxc6 13. Ne2 Nxe3 14. fxe3 a5 15. Nf4 Qe7 16. Nd3 e5 17. dxe5 Bxe5 18. Nxe5 Qxe5 19. c3 f6 20. Rfe1 Rfb8 21. Re2 Ra7 22. e4 dxe4 23. Rxe4 Qc5+ 24. Kh1 Rxb2 25. Re6 Qd5 26. Qxd5 cxd5 27. Rd1 Rd7 28. c4 d4 29. c5 Kf7 30. Rd6 Rc7 31. c6 Rb6 32. R1xd4 Rbxc6 33. Rxc6 Rxc6 34. Rd5 a4 35. Rd4 Ra6 36. Kg1 h5 37. Kf2 g5 38. h4 Kg6 39. Kf3 Ra5 40. Rc4 g4+ 41. Kf4 Rf5+ 42. Kg3 Rb5 43. Rxa4 Kf5 44. Rb4 Rc5 45. Rb3 Ra5 46. Rc3 Ke5 47. Rb3 Ke4 48. Rb4+ Ke3 49. a4 f5 50. Rc4 Re5 51. Re4+ Kd3 52. Rf4 Ke3 53. Rf2 Ra5 54. Rf4 Rc5 55. Rb4 Rc2 56. Rb3+ Ke4 57. Rb4+ Ke3 58. Rb3+ Kd4 59. Rb4+ Ke3 1/2-1/2

[Event "Rutas de Cuenca op 6th"]
[Site "Cuenca"]
[Date "2019.07.20"]
[Round "3"]
[White "Ramirez Sanchez, Nicolas"]
[Black "Selva Salvador, Antonio"]
[Result "1-0"]
[WhiteElo "1588"]
[BlackElo "1797"]
[PlyCount "89"]
[EventDate "2019.07.19"]
[EventType "swiss"]
[EventRounds "7"]
[EventCountry "ESP"]
[SourceTitle "CBM 195 Extra"]
[Source "ChessBase"]
[SourceDate "2020.05.31"]
[SourceVersion "1"]
[SourceVersionDate "2020.05.31"]
[SourceQuality "1"]

1. e4 e5 2. Nf3 f5 3. Nxe5 Nf6 4. d4 d6 5. Nc4 fxe4 6. Bg5 Be7 7. Nc3 d5 8. Bxf6 Bxf6 9. Qh5+ g6 10. Qxd5 Qe7 11. Qxe4 Be6 12. 0-0-0 Nc6 13. d5 Bf5 14. Qxe7+ Nxe7 15. d6 Bg5+ 16. Kb1 cxd6 17. Nxd6+ Kf8 18. Nxf5 Nxf5 19. Ne4 Be7 20. Bc4 Kg7 21. g4 Nh6 22. Rd7 Kf8 23. h3 Nf7 24. Bxf7 Kxf7 25. Rhd1 h5 26. g5 b6 27. Nc3 Rhd8 28. Rxd8 Rxd8 29. Rxd8 Bxd8 30. f4 Ke6 31. Kc1 Kf5 32. Nd5 Ke4 33. c4 Kf3 34. Kd2 Kg3 35. Ke3 Kxh3 36. Kf3 Kh2 37. b4 h4 38. c5 h3 39. Kf2 bxc5 40. bxc5 Ba5 41. c6 Be1+ 42. Kxe1 Kg1 43. c7 h2 44. c8Q h1Q 45. Qg4+ 1-0

[Event "Andalucia-ch U10"]
[Site "Huelva"]
[Date "2014.04.27"]
[Round "8.6"]
[White "Estevez Correa, Juan Miguel"]
[Black "Ramirez Sanchez, Nicolas"]
[Result "1-0"]
[WhiteElo "1268"]
[BlackElo "1205"]
[PlyCount "51"]
[EventDate "2014.04.25"]
[EventType "swiss"]
[EventRounds "9"]
[EventCountry "ESP"]
[SourceTitle "EXT 2024"]
[Source "ChessBase"]
[SourceDate "2023.10.10"]
[SourceVersion "1"]
[SourceVersionDate "2023.10.10"]
[SourceQuality "1"]

1. e4 e5 2. Nf3 Nc6 3. Bc4 Nf6 4. Nc3 Nxe4 5. Nxe4 d5 6. Bd3 dxe4 7. Bxe4 Bd6 8. c3 0-0 9. 0-0 Bd7 10. d4 exd4 11. cxd4 Bg4 12. Be3 Bxf3 13. Bxf3 Qh4 14. h3 Rae8 15. Qd2 Qd8 16. a3 Re7 17. Bd5 Rd7 18. Rfe1 Bh2+ 19. Kxh2 Rxd5 20. Rad1 Ne5 21. Qc3 Nc6 22. Rd2 Qd6+ 23. Kg1 Rd8 24. Kh1 Re8 25. Rde2 Rh5 26. Bf4 1-0